Statistics for ULTIMATE NFL QUIZ

Click here to take the quiz!

General Stats

  • This quiz has been taken 70 times
  • The average score is 7 of 15

Answer Stats

QuestionAnswer% Correct
which team/teams have the most superbowlspatriots/steelers
90%
What Superbowl did Bart Starr tell his coach to run a QB sneak although his o-line was struggling mightilyll
88%
how many superbowls does the manning family have combined4
85%
how many championships did Otto Graham win8
78%
Who is the Seahawks all time leading recieverSteve Largent
65%
who was the pittsburg Steelers linebacker whos college team had to practice in the parking lot played like he was in the grass as the Steelers had come to scout hinJack Lambert
47%
what NfL team had the longest playoff drought going into the 2017/2018 seasonbills
43%
what year was the NFL AFL merger1970
42%
which defensive tackle for the Minnesota vikings was suprisingly fast for size and had a very bald headJohn Randle
35%
when did the USFL start1983
32%
Who made 2 leaping catches against the cowboys in Superbowl XLynn Swann
32%
which Notre dame quarterback played in infamous Chicken Soup gameJoe Montana
27%
who infamously ran a fake spike against the colts in a playoff/superbowl matchupJoe namath
10%
who performed the halftime show at the superbowl in the 2001/2002 seasonU2
10%
who created football (although it was unlike the game we love today)Walter Camp
7%

Score Distribution

Percentile by Number Answered

Percent of People with Each Score

Your Score History

You have not taken this quiz